000 01018cam a2200145 4500500
005 20260329023217.0
041 _afre
042 _adc
100 1 0 _aDurand, Michel
_eauthor
700 1 0 _aHarvey, Malcolm
_eauthor
245 0 0 _aMéthode et pratique du thème anglais
260 _bArmand Colin,
_c2011.
520 _aCet ouvrage s’adresse aux étudiants de LEA ou de LCE, aux candidats au nouveau CAPES, ainsi qu’à tous ceux qui souhaitent s’entraîner à la traduction de textes d’actualité et consolider leurs bases méthodologiques. Il veut répondre à un double besoin, souvent exprimé par les étudiants : disposer à la fois d’une méthode abordable et d’exercices pratiques corrigés. La partie « Méthode » examine les principales difficultés de traduction et fournit les moyens de les résoudre. Chaque chapitre est illustré par de nombreux exemples.
856 4 1 _uhttps://shs.cairn.info/methode-et-pratique-du-theme-anglais--9782200274870?lang=fr&redirect-ssocas=7080
999 _c1925521
_d1925521